Anything But Oceanic Capitals Quiz Stats

 Plays Quiz not verified by Sporcle

Support Sporcle.
Go Orange.
Score 0/14 Timer 00:30
1 Play Today
% Correct
???
61.4%
???
59.8%
???
59%
???
57.8%
???
56.6%
???
54.4%
???
54.3%
% Correct
???
53.1%
???
48.6%
???
46.9%
???
45.8%
???
44.2%
???
43%
???
42.8%

You're not logged in!

Compare scores with friends on all Sporcle quizzes.
OR
Log In

From the Vault

Did Trump Really Tweet It?

by zigga

If you get 100% because you are one of his Twitter followers...you should probably keep that comment to yourself.
Remove Ads.
Support Sporcle.
Get the best of Sporcle when you Go Orange. This ad-free experience offers more features, more stats, and more fun while also helping to support Sporcle. Thank you for becoming a member.

Show Comments

Extras

Top Quizzes Today


Score Distribution

Your Account Isn't Verified!

In order to create a playlist on Sporcle, you need to verify the email address you used during registration. Go to your Sporcle Settings to finish the process.

Report this User

Report this user for behavior that violates our Community Guidelines.

Details: